Estudio de prefactibilidad para la produccion en Costa Rica de soda cáustica y cloro por electrólisis del cloruro de sodio

Uloženo v:
Podrobná bibliografie
Hlavní autor: Guevara Rojas, Carla Eugenia
Médium: Kniha
Vydáno: San José, Costa Rica 1988
Témata:
Tagy: Přidat tag
Žádné tagy, Buďte první, kdo vytvoří štítek k tomuto záznamu!

MARC

LEADER 00000nam a2200000Ia 4500
003 004723
005 20221231144342.0
008 140114s1988 cr a m 000 ||s d
040 |c cru CEDI  
090 |a TFG 2159 
100 |a Guevara Rojas, Carla Eugenia  |9 13510 
245 |a Estudio de prefactibilidad para la produccion en Costa Rica de soda cáustica y cloro por electrólisis del cloruro de sodio  
260 |c 1988  |a San José, Costa Rica 
300 |a  vi, 170 hojas : ilustraciones (1 plegables) ; 28 cm  
500 |a  Proyecto de graduación (licenciatura en ingeniería química)--Universidad de Costa Rica. Facultad de Ingeniería. Escuela de Ingeniería Química 
650 |x SODA CAUSTICA - PRODUCCION   |x CLORO - PRODUCCION  |9 13511 
942 |c TFG 
999 |c 20595  |d 20595